Introducción a las matemáticas finitas
Saved in:
| Main Authors: | , , |
|---|---|
| Format: | Bog |
| Sprog: | spansk |
| Udgivet: |
Ciudad de México
Continental
1961
|
| Fag: | |
| Tags: |
Tilføj Tag
Ingen Tags, Vær først til at tagge denne postø!
|
MARC
| LEADER | 00000nam a2200000 a 4500 | ||
|---|---|---|---|
| 001 | UCV8057 | ||
| 003 | CL-VaPUC | ||
| 008 | 900427e19610000MX |||||||||||||||||spa|d | ||
| 082 | 0 | 4 | |a 510 |b KEM |2 21 |
| 100 | |a Kemeny, John G |e author |9 424820 | ||
| 700 | 0 | |a Snell, J. Laurie |e author |9 302140 | |
| 700 | 0 | |a Thompson, Gerald L |e author |9 302141 | |
| 245 | 1 | 0 | |a Introducción a las matemáticas finitas |
| 300 | |a 412 p | ||
| 942 | |c BK | ||
| 945 | |d 19900427 00:00:00 | ||
| 260 | |a Ciudad de México |b Continental |c 1961 | ||
| 650 | 0 | |a Matemática |9 260235 | |
| 583 | |a last modification |c 20180314 14:48:53 |k Rodrigo Vera | ||
| 999 | |c 213642 |d 213640 | ||
| 952 | |0 0 |1 0 |4 0 |6 510_000000000000000_KEM_1961 |7 0 |8 P |9 196213 |a BIBARQ |b BIBARQ |d 2019-11-14 |i 2641240 |o 510 KEM 1961 |p 2641240 |r 2025-01-20 |w 2019-11-14 |y BK |k ARQ | ||
| 952 | |0 0 |1 0 |4 0 |6 510_000000000000000_KEM_1961 |7 0 |8 A |9 196214 |a BIBMAT |b BIBMAT |d 2019-11-14 |i 1309900 |o 510 KEM 1961 |p 1309900 |r 2025-01-07 |w 2019-11-14 |y BK |k MAT | ||
| 952 | |0 0 |1 0 |4 0 |6 510_000000000000000_KEM_1961 |7 0 |8 A |9 196215 |a BIBGIM |b BIBGIM |d 2019-11-14 |i 4077393 |o 510 KEM 1961 |p 4077393 |r 2025-01-15 |w 2019-11-14 |y BK |k GIM | ||